| 000 | 00716nam a2200229 i 4500 | ||
|---|---|---|---|
| 001 | 56949 | ||
| 003 | ES-MaACL | ||
| 005 | 20250624144948.0 | ||
| 007 | t| | ||
| 008 | 031014s1966 sp ac ||||1| spa d | ||
| 080 | _a75 Monet, Claude | ||
| 100 | 1 |
_aTaillandier, Yvon. _9145663 |
|
| 245 | 1 | 0 |
_aMonet / _cpor Yvon Taillandier ; [traducción de Juan Massot Gimeno]. |
| 260 |
_aMadrid [etc.] : _bDaimon, Manuel Tamayo, _ccop. 1966. |
||
| 300 |
_a94, [1] p. : _bil. col. y n. ; _c29 cm. |
||
| 500 | _aÍndice. | ||
| 504 | _aBibliografía: p. 94. | ||
| 600 | 1 | 4 |
_aMonet, Claude, _d1840-1926 _9240987 |
| 700 | 1 |
_aMassot Gimeno, Juan. _978859 |
|
| 852 |
_aES-MaACL _jE-14696 _xOlim P-1262 |
||
| 999 |
_c56949 _d56949 |
||